La piedra descalza

Shranjeno v:
Bibliografske podrobnosti
Glavni avtor: Iommi Amunátegui, Godofredo Tomás (autor)
Format: Knjiga
Jezik:španščina
Izdano: Valparaíso, Chile: Ediciones Universitarias de Valparaíso, 2017
Teme:
Oznake: Označite
Brez oznak, prvi označite!

MARC

LEADER 00000cam a2200000 a 4500
001 UCD9936
003 CL-VaPUC
005 20240510114212.0
008 170709e20170000cl |||||||||||||||||spa|d
999 |c 368946  |d 368944 
020 |a 978-956-17-0713-9 
040 |c Pontificia Universidad Católica de Valparaíso 
082 0 4 |a Ch861 IOM 2017  |2 21 
100 |a Iommi Amunátegui, Godofredo Tomás  |e autor  |9 604202 
245 1 3 |a La piedra descalza 
260 |a Valparaíso, Chile:  |b Ediciones Universitarias de Valparaíso,  |c 2017 
300 |a 121 páginas 
500 |a c.2 Donación Profesora Consuelo Rodríguez De Tezanos. Memo ART 02/2022. 05/04/2022 
583 |a last modification  |c 20170709 17:01:00  |k Rodrigo Vera 
650 0 |a Poesías chilenas   |9 265280 
650 0 |a Literatura chilena   |9 308278 
942 |c BK  |2 ddc 
945 |d 20170709 17:01:00  |a arojas 
952 |0 0  |1 0  |3 erb  |4 0  |6 CH_861_000000000000000_IOM_2017  |7 0  |8 A  |9 484452  |a BIBARQ  |b BIBARQ  |i 5406595  |l 1  |m 1  |o Ch861 IOM 2017  |p 5406595  |r 2025-01-20  |s 2024-11-14  |w 2019-11-24  |y BK  |z Catalogado en:20170709  |k ARQ 
952 |0 0  |1 0  |2 ddc  |4 0  |6 CH_861_000000000000000_IOM_2017  |7 0  |8 A  |9 582862  |a BIBART  |b BIBART  |d 2022-05-03  |e Donación  |i 5650956  |o Ch861 IOM 2017  |p 5650956  |r 2025-03-13  |t 2  |w 2022-05-03  |y BK  |k ART